Cẩm nang kỹ thuật thụ tinh nhân tạo gia súc, gia cầm.
Sách trình bày sơ lược lịch sử phát triển kỹ thuật thụ tinh nhân tạo gia súc, gia cầm, thụ tinh nhân tạo gia súc gồm thụ tinh nhân tạo trâu bò, thụ tinh nhân tạo lợn, thụ tinh nhân tạo dê. Thu tinh nhân tạo gia cầm gồm thụ tinh nhân ngỗng, thụ nha...
Kaydedildi:
| Yazar: | |
|---|---|
| Materyal Türü: | Kitap |
| Dil: | Undetermined |
| Baskı/Yayın Bilgisi: |
Hà Nội
Nông nghiệp
1999
|
| Konular: | |
| Etiketler: |
Etiketle
Etiket eklenmemiş, İlk siz ekleyin!
|
| Thư viện lưu trữ: | Trung tâm Học liệu Trường Đại học Cần Thơ |
|---|
| LEADER | 01018nam a2200193Ia 4500 | ||
|---|---|---|---|
| 001 | CTU_156590 | ||
| 008 | 210402s9999 xx 000 0 und d | ||
| 082 | |a 636.08245 | ||
| 082 | |b Th305 | ||
| 100 | |a Nguyễn, Thiện | ||
| 245 | 0 | |a Cẩm nang kỹ thuật thụ tinh nhân tạo gia súc, gia cầm. | |
| 245 | 0 | |c Nguyễn Thiện, Đào Đức Thà | |
| 260 | |a Hà Nội | ||
| 260 | |b Nông nghiệp | ||
| 260 | |c 1999 | ||
| 520 | |a Sách trình bày sơ lược lịch sử phát triển kỹ thuật thụ tinh nhân tạo gia súc, gia cầm, thụ tinh nhân tạo gia súc gồm thụ tinh nhân tạo trâu bò, thụ tinh nhân tạo lợn, thụ tinh nhân tạo dê. Thu tinh nhân tạo gia cầm gồm thụ tinh nhân ngỗng, thụ nhân tạo gà. | ||
| 650 | |a Animal husbandry,Artificial insemination,Động vật nuôi,Thụ tinh nhân tạo | ||
| 904 | |i Thi | ||
| 980 | |a Trung tâm Học liệu Trường Đại học Cần Thơ | ||